000 00689nam a22002177a 4500
999 _c3949
_d3949
003 AR-CdUCM
008 190307b ||||| |||| 00| 0 spa d
040 _aMUNICIPALIDAD PROVINCIAL DEL CUSCO
_cBIBLIOTECA MUNICIPAL DEL CUSCO
082 _a858.1 /
_bF82
100 _aDe Asis, Francisco
_912632
245 _aLas Florecillas de San Francisco /
260 _aNavarra :
_bSalvat Editores,
_c1972.
300 _a175 paginas ;
_c18cm.
440 _aBiblioteca Clasica Universal
_n30
_912633
500 _aCon colaboracion de Alianza Editorial
650 _aLiteratura Mistica
_91207
650 _aAutores Italianos
_95766
650 _aSiglo XX
_98
942 _2ddc
_cLIBROS
945 _apjha